• 首页
  • 本馆介绍
  • 公告通知
  • 最新文献
  • 馆藏检索
  • 电子资源
  • 读者导购
  • 参考咨询
  • 我的图书馆
  • 登录
  • 详细信息显示
  • 放入我的书架
  • 预约/预借图书
  • 作者相关作品
  • 分类相关作品
  • 丛书相关作品
  • 出版社相关作品

书目信息

  • 表格格式
  • 工作单格式
  • 卡片格式
题名:
走进全球经济
    
 
作者: 宋法棠 主编
分册:  
出版信息: 北京   中国人民解放军出版社  2000
页数: 429页
开本: 20cm
丛书名:
单 册:
中图分类: F114.41
科图分类:
主题词: 经济--世界 , 国际经济关系
电子资源:
ISBN: 7-5065-3804-0
000 00578nam0 2200205 45
001 0204151423
005 20031219104054.5
010    @a7-5065-3804-0@dCNY22.00
100    @a20020415d2000 km y0chiy0120 ea
101 0  @achi
105    @a z 000yy
200 1  @a走进全球经济@AZou Jin Quan Qiu Jing Ji@f宋法棠主编@FSong Fa Tang Zhu Bian
210    @a北京@c中国人民解放军出版社@d2000
215    @a429页@d20cm
606 0  @a经济@x世界
606 0  @a国际经济关系
690    @aF114.41@v4
701  0 @a宋法棠@4主编
801    @aCN@bTSTC@c20020415
905    @b308091-095@dF114.41@e72@f5
    
    走进全球经济/宋法棠主编.-北京:中国人民解放军出版社,2000
    429页;20cm
    
    
    ISBN 7-5065-3804-0:CNY22.00
    
●
相关链接 在E读中查询图书 在五车中查询图书 在当当中查询图书 在豆瓣中查询图书


正题名:走进全球经济     索取号:F114.41/72         预约/预借

序号 登录号 条形码 馆藏地/架位号 状态 备注
1 0308091   203080913   第一借阅区/ [索取号:F114.41/72] 在馆    
2 0308092   203080922   第一借阅区/ [索取号:F114.41/72] 在馆    
3 0308093   203080931   第一借阅区/ [索取号:F114.41/72] 在馆    
4 0308094   203080940   第一借阅区/ [索取号:F114.41/72] 在馆    
5 0308095   203080959   第一样本阅览室/ [索取号:F114.41/72] 在馆    
唐山师范学院图书馆 欢迎您!
大连网信软件有限公司© 版权所有